ARRUPE JESUIT UNIVERSITY

CORONAVIRUS -STOP THE SPREAD - CLEAN,DISINFECT,COVER

The common muse; (Record no. 118268)

MARC details
000 -LEADER
fixed length control field 00886cam a22002411 4500
001 - CONTROL NUMBER
control field 10278569
003 - CONTROL NUMBER IDENTIFIER
control field ARRUPE
005 - DATE AND TIME OF LATEST TRANSACTION
control field 20131007171719.0
008 - FIXED-LENGTH DATA ELEMENTS--GENERAL INFORMATION
fixed length control field 761129s1957 enka b 000 0 eng
010 ## - LIBRARY OF CONGRESS CONTROL NUMBER
LC control number 57004042
035 ## - SYSTEM CONTROL NUMBER
System control number (OCoLC)2581954
040 ## - CATALOGING SOURCE
Original cataloging agency DLC
Transcribing agency OClU
Modifying agency OCoLC
-- PP
-- DLC
050 00 - LIBRARY OF CONGRESS CALL NUMBER
Classification number PR1181
Item number .P67
300 ## - PHYSICAL DESCRIPTION
Other physical details illus.
Dimensions 23 cm.
100 1# - MAIN ENTRY--PERSONAL NAME
Personal name Pinto, Vivian de Sola,
Dates associated with a name 1895-1969,
Relator term ed.
9 (RLIN) 2201
245 14 - TITLE STATEMENT
Title The common muse;
Remainder of title an anthology of popular British ballad poetry, XVth-XXth century.
Statement of responsibility, etc Edited by Vivian de Sola Pinto and Allan Edwin Rodway. With an introd. and notes.
260 ## - PUBLICATION, DISTRIBUTION, ETC. (IMPRINT)
Place of publication, distribution, etc London,
Name of publisher, distributor, etc Chatto & Windus,
Date of publication, distribution, etc 1957.
300 ## - PHYSICAL DESCRIPTION
Extent 403 p.
504 ## - BIBLIOGRAPHY, ETC. NOTE
Bibliography, etc Includes bibliography.
650 #0 - SUBJECT ADDED ENTRY--TOPICAL TERM
Topical term or geographic name as entry element Ballads, English
Geographic subdivision Great Britain
General subdivision Texts.
9 (RLIN) 2202
700 1# - ADDED ENTRY--PERSONAL NAME
Personal name Rodway, Allan Edwin,
Relator term joint ed.
9 (RLIN) 2203
906 ## - LOCAL DATA ELEMENT F, LDF (RLIN)
a 7
b cbc
c oclcrpl
d u
e ncip
f 19
g y-gencatlg
942 ## - ADDED ENTRY ELEMENTS (KOHA)
Source of classification or shelving scheme Library of Congress Classification
Koha item type Monograph ( Printed materials)
Holdings
Withdrawn status Lost status Source of classification or shelving scheme Damaged status Not for loan Home library Current library Shelving location Date acquired Total Checkouts Full call number Barcode Date last seen Price effective from Koha item type
    Library of Congress Classification     ARRUPE LIBRARY ARRUPE LIBRARY Main Collection 07/10/2013   PR1181 .P67 46410720 07/10/2013 07/10/2013 Monograph ( Printed materials)

 

Arrupe Library. PO Box MP320 Mt Pleasant, Harare, Zimbabwe
263 242 745411|librarian@aju.ac.zw